<?xml version="1.0" encoding="UTF-8"?>
<record
    xmlns:xsi="http://www.w3.org/2001/XMLSchema-instance"
    xsi:schemaLocation="http://www.loc.gov/MARC21/slim http://www.loc.gov/standards/marcxml/schema/MARC21slim.xsd"
    xmlns="http://www.loc.gov/MARC21/slim">

  <leader>00895nam a22001815i 4500</leader>
  <controlfield tag="001">161329</controlfield>
  <controlfield tag="003">ES-MaACL</controlfield>
  <controlfield tag="005">20230906212249.0</controlfield>
  <controlfield tag="008">041015s1856    fr           |||| | fre d</controlfield>
  <datafield tag="040" ind1=" " ind2=" ">
    <subfield code="a">CAM </subfield>
    <subfield code="b">spa </subfield>
    <subfield code="c">CAM</subfield>
  </datafield>
  <datafield tag="100" ind1="1" ind2=" ">
    <subfield code="a">Pambrun, Ariste.</subfield>
    <subfield code="9">130810</subfield>
  </datafield>
  <datafield tag="245" ind1="1" ind2="0">
    <subfield code="a">Manuel du baigneur a Bagn&#xE8;res-de-Bigorre </subfield>
    <subfield code="b">: ouvrage indispensable &#xE0; ceux qui font usage des diff&#xE9;rentes sources salines, ferrugineuses et sulfureuses de divers &#xE9;tablissements de cette ville / </subfield>
    <subfield code="c">par Ar. Pambrun.</subfield>
  </datafield>
  <datafield tag="260" ind1=" " ind2=" ">
    <subfield code="a">Bagn&#xE8;res-de-Bigorre : </subfield>
    <subfield code="b">J.-M. Dossun, Libraire-&#xE9;diteur, </subfield>
    <subfield code="c">1856 (</subfield>
    <subfield code="f">Imprimerie de J.-M. Dossun)</subfield>
  </datafield>
  <datafield tag="300" ind1=" " ind2=" ">
    <subfield code="a">IV, 336 p. ; </subfield>
    <subfield code="c">18 cm.</subfield>
  </datafield>
  <datafield tag="650" ind1=" " ind2="4">
    <subfield code="a">Aguas minerales-</subfield>
    <subfield code="z">Francia.</subfield>
    <subfield code="9">135524</subfield>
  </datafield>
  <datafield tag="650" ind1=" " ind2="4">
    <subfield code="a">Balnearios-</subfield>
    <subfield code="z">Bagn&#xE8;res-de-Bigorre.</subfield>
    <subfield code="9">135663</subfield>
  </datafield>
  <datafield tag="852" ind1=" " ind2=" ">
    <subfield code="a">ES-MaACL</subfield>
    <subfield code="j">G-10726 </subfield>
    <subfield code="z">-- Enc. hol. </subfield>
    <subfield code="z">-- Ded. ms.  de Emilio Saenz Diez: "A la Biblioteca de "Los escolares m&#xE9;dicos". El socio fundador"</subfield>
  </datafield>
  <datafield tag="999" ind1=" " ind2=" ">
    <subfield code="c">161329</subfield>
    <subfield code="d">161329</subfield>
  </datafield>
  <datafield tag="952" ind1=" " ind2=" ">
    <subfield code="0">0</subfield>
    <subfield code="1">0</subfield>
    <subfield code="4">0</subfield>
    <subfield code="7">0</subfield>
    <subfield code="8">LIBXIX</subfield>
    <subfield code="a">ATENEOM</subfield>
    <subfield code="b">ATENEOM</subfield>
    <subfield code="c">SPP3</subfield>
    <subfield code="d">2008-01-17</subfield>
    <subfield code="e">SSC</subfield>
    <subfield code="l">0</subfield>
    <subfield code="o">G-10726</subfield>
    <subfield code="p">1168981</subfield>
    <subfield code="r">2023-02-23 00:00:00</subfield>
    <subfield code="w">2023-02-23</subfield>
    <subfield code="y">MONANT</subfield>
  </datafield>
</record>
